| 000 | 00510nam a2200169 a 4500 | ||
|---|---|---|---|
| 001 | 000040879 | ||
| 005 | 20201002034439.0 | ||
| 008 | 130910s1995 pr ab 001 0 spa d | ||
| 020 | _a0275952282 | ||
| 040 |
_aDO-SdBNP _bspa _cBNPHU |
||
| 100 | 1 |
_aMorris, Nancy _967307 |
|
| 245 | 1 | 0 |
_aPuerto Rico : _bculture, politics, and identity / _cNancy Morris. |
| 260 |
_aPuerto Rico : _bPraeger, _c1995. |
||
| 300 |
_axii, 205 p. : _bmaps ; _c24 cm. |
||
| 500 | _aIncluye índice | ||
| 504 | _aBibliografía : p. [187]-198 | ||
| 999 |
_c40369 _d40369 |
||